000 00634nam a2200217Ia 4500
003 GCL
008 140319s9999 xx 000 0 ara d
040 _aGCL /
_cGCL
082 0 4 _a212.5
_bف د
100 1 _aفؤاد شاكر
245 1 0 _aدماء على الايدى الناعمه /
_cفؤاد شاكر
260 _a[S.N] :
_bمكتبة التراث الاسلامى ،
_c1989
300 _a107 ص
490 _a
650 0 4 _aمصر
650 0 4 _aحقوق المرأة
650 0 4 _aالمرأة المسلمة
650 0 4 _aالمرأة فى المجتمع
650 0 4 _aالنساء - تراجم
942 _2ddc
_cBK
999 _c34005
_d34005